Advanced engineering mathematics (Record no. 2354)

000 -LEADER
fixed length control field 00457nam a22001937a 4500
001 - CONTROL NUMBER
control field 2354
003 - CONTROL NUMBER IDENTIFIER
control field BD-DhUET
008 - FIXED-LENGTH DATA ELEMENTS--GENERAL INFORMATION
fixed length control field 140922b xxu||||| |||| 00| 0 eng d
020 ## - INTERNATIONAL STANDARD BOOK NUMBER
International Standard Book Number 8121903459
040 ## - CATALOGING SOURCE
Transcribing agency 0
Modifying agency BD-DhUET
082 ## - DEWEY DECIMAL CLASSIFICATION NUMBER
Classification number 510
Item number DAS/2007
100 ## - MAIN ENTRY--PERSONAL NAME
Personal name Dass, H.K.
245 ## - TITLE STATEMENT
Title Advanced engineering mathematics
250 ## - EDITION STATEMENT
Edition statement 17th Rev. ed.
260 ## - PUBLICATION, DISTRIBUTION, ETC. (IMPRINT)
Place of publication, distribution, etc. Ram Nagar
Name of publisher, distributor, etc. S. Chand.
Date of publication, distribution, etc. 2007
300 ## - PHYSICAL DESCRIPTION
Extent xvi,1274p.
650 #0 - SUBJECT ADDED ENTRY--TOPICAL TERM
Topical term or geographic name as entry element Mathematics
942 ## - ADDED ENTRY ELEMENTS (KOHA)
Koha item type General Book
Holdings
Koha full call number Koha issues (times borrowed) Not for loan Withdrawn status Lost status Koha date last seen Price effective from Copy number Shelving location Source of classification or shelving scheme Koha normalized classification for sorting Date acquired Sublocation or collection (holding branch) Damaged status Piece designation (barcode) Koha item type Location (home branch) Koha date last borrowed Koha out on loan
510/DAS/20073   2023-05-062014-09-221Circulation section 510DAS20072014-09-22Central Library, BUET 103924General BookCentral Library, BUET2022-11-23 
510/DAS/20076   2026-01-132014-09-222Circulation section 510DAS20072014-09-22Central Library, BUET 103925General BookCentral Library, BUET2026-01-132026-01-27
510/DAS/20074   2025-02-102014-09-223Circulation section 510DAS20072014-09-22Central Library, BUET 103927General BookCentral Library, BUET2024-12-01 
510/DAS/20073   2023-06-052014-09-224Circulation section 510DAS20072014-09-22Central Library, BUET 103928General BookCentral Library, BUET2023-03-22 
510/DAS/20071   2016-02-242014-09-225Circulation section 510DAS20072014-09-22Central Library, BUET 103929General BookCentral Library, BUET2014-11-12 
510/DAS/20072   2023-02-282014-09-227Circulation section 510DAS20072014-09-22Central Library, BUET 103931General BookCentral Library, BUET2023-01-11 
510/DAS/20072   2023-06-072014-09-226Circulation section 510DAS20072014-09-22Central Library, BUET 103930General BookCentral Library, BUET2022-11-23 
510/DAS/20072   2019-03-312015-01-268Circulation section 510_000000000000000_DAS_20072015-01-26Central Library, BUET 103922General BookCentral Library, BUET2019-01-20 
510DAS/20072   2025-04-072015-09-019Circulation section 510DAS_2007_0000000000000002015-09-01Central Library, BUET 103923General BookCentral Library, BUET2025-03-02 
510/DAS/200711   2024-11-242017-05-2910Circulation section 510_000000000000000_DAS_20072007-05-28Central Library, BUET 103926General BookCentral Library, BUET2024-11-242024-12-08